The 8088 and 8086 microprocessors : (Record no. 868)
[ view plain ]
| 000 -LEADER | |
|---|---|
| fixed length control field | 01172cac a22002531u 4500 |
| 090 ## - LOCALLY ASSIGNED LC-TYPE CALL NUMBER (OCLC); LOCAL CALL NUMBER (OCLC) | |
| -- | 868 |
| 008 - FIXED-LENGTH DATA ELEMENTS--GENERAL INFORMATION | |
| fixed length control field | 081108t2003 xxu||||| |||| 00| 0 eng d |
| 010 ## - LIBRARY OF CONGRESS CONTROL NUMBER | |
| LC control number | 2002029295 |
| 020 ## - INTERNATIONAL STANDARD BOOK NUMBER | |
| International Standard Book Number | 8129702983 |
| 020 ## - INTERNATIONAL STANDARD BOOK NUMBER | |
| International Standard Book Number | 8129702983 |
| 082 00 - DEWEY DECIMAL CLASSIFICATION NUMBER | |
| Classification number | 004.165 |
| Item number | T825 |
| 100 ## - MAIN ENTRY--PERSONAL NAME | |
| Personal name | Triebel, Walter A. |
| 245 14 - TITLE STATEMENT | |
| Title | The 8088 and 8086 microprocessors : |
| Remainder of title | programming, interfacing, software, hardware, and applications : including the 80286, 80386, 80486, and Pentium processor families / |
| Statement of responsibility, etc | Walter A. Triebel, Avtar Singh. |
| 250 ## - EDITION STATEMENT | |
| Edition statement | 4th ed. |
| 260 ## - PUBLICATION, DISTRIBUTION, ETC. (IMPRINT) | |
| Place of publication, distribution, etc | New Delhi : |
| Name of publisher, distributor, etc | Pearson Education, |
| Date of publication, distribution, etc | c2003. |
| 300 ## - PHYSICAL DESCRIPTION | |
| Extent | xiii, 1019 p. : |
| Other physical details | ill. ; |
| Dimensions | 25 cm. |
| 504 ## - BIBLIOGRAPHY, ETC. NOTE | |
| Bibliography, etc | Includes bibliographical references (p. 965-966) and index. |
| 650 #0 - SUBJECT ADDED ENTRY--TOPICAL TERM | |
| Topical term or geographic name as entry element | Intel 8088 (Microprocessor) |
| 650 #0 - SUBJECT ADDED ENTRY--TOPICAL TERM | |
| Topical term or geographic name as entry element | Intel 8086 (Microprocessor) |
| 700 0# - ADDED ENTRY--PERSONAL NAME | |
| Personal name | Avtar Singh, |
| Dates associated with a name | 1947 June 2- |
| 942 ## - ADDED ENTRY ELEMENTS (KOHA) | |
| Item type | Book - Borrowing |
| Call number prefix | 004.165T825 |
| Source of classification or shelving scheme | Dewey Decimal Classification |
| Withdrawn status | Item status | Source of classification or shelving scheme | Damaged status | Not for loan | Vendor | Home library | Current library | Shelving location | Date acquired | Source of acquisition | Cost, normal purchase price | Total Checkouts | Full call number | Barcode | Date last seen | Cost, replacement price | Koha item type | Total Renewals | Date last borrowed |
|---|---|---|---|---|---|---|---|---|---|---|---|---|---|---|---|---|---|---|---|
| Dewey Decimal Classification | Central Library | Central Library | Lower Floor | 06/08/2006 | 140.00 | 004.165 TRI | 000003663 | 15/07/2025 | 175.00 | Book - Borrowing | |||||||||
| Central Library | Central Library | Lower Floor | 06/08/2006 | Purchase | 140.00 | 1 | 004.165 TRI | 000003662 | 15/07/2025 | 175.00 | Book - Borrowing | 11 | 21/11/2024 |